| 000 | 01080nam a22002777a 4500 | ||
|---|---|---|---|
| 005 | 20170124102932.0 | ||
| 010 | _aB-187158 | ||
| 020 |
_c250.00 _a9174521917 |
||
| 035 | _aB-187158 | ||
| 037 | _bCen Lib/Ret | ||
| 040 |
_aDPL _bHN |
||
| 082 |
_a821.08 _bमहेश |
||
| 100 |
_aमहेश आलोक _945293 |
||
| 245 |
_aनई कविता की भूमिका / _cमहेश आलोक |
||
| 246 |
_anaee kavita ki bhumika _bby RMahesh aalok |
||
| 260 |
_aदिल्ली _bनवराज प्रकशन _c2006 |
||
| 270 |
_aभजनपुरा _bदिल्ली _e110053 |
||
| 300 |
_a183पृष्ठ. _c21सेमी (सजिल्द ) |
||
| 500 | _aसन्दर्भ संकेत सूची | ||
| 650 |
_aहिंदी साहित्य _945294 |
||
| 650 |
_aनई कविता (हिंदी काव्य ) _945295 |
||
| 650 |
_aHindi literature _945296 |
||
| 650 |
_aNew Poetry ( Hindi Poetry ) _945297 |
||
| 700 | _97856 | ||
| 942 |
_2ddc _cHN _h821.08 _mमहेश |
||
| 999 |
_c111972 _d111972 |
||